Kết quả nghiên cứu lúa : Vụ đông xuân 1999-2000
Đã lưu trong:
| Formáid: | Leabhar |
|---|---|
| Teanga: | Undetermined |
| Foilsithe: |
Cần Thơ
Viện Hệ thống Canh tác Trường ĐH Cần Thơ
|
| Ábhair: | |
| Clibeanna: |
Cuir Clib Leis
Gan Chlibeanna, Bí ar an gcéad duine leis an taifead seo a chlibeáil!
|
| Thư viện lưu trữ: | Trung tâm Học liệu Trường Đại học Cần Thơ |
|---|
| LEADER | 00602nam a2200181Ia 4500 | ||
|---|---|---|---|
| 001 | CTU_122594 | ||
| 008 | 210402s9999 xx 000 0 und d | ||
| 082 | |a 633.18 | ||
| 082 | |b K258/1999 | ||
| 245 | 0 | |a Kết quả nghiên cứu lúa : | |
| 245 | 0 | |b Vụ đông xuân 1999-2000 | |
| 245 | 0 | |c Viện Hệ thống Canh tác Trường ĐH Cần Thơ | |
| 260 | |a Cần Thơ | ||
| 260 | |b Viện Hệ thống Canh tác Trường ĐH Cần Thơ | ||
| 650 | |a Rice | ||
| 650 | |x Research | ||
| 904 | |i M.Loan | ||
| 980 | |a Trung tâm Học liệu Trường Đại học Cần Thơ | ||